Chicken pox / (Record no. 14177)
[ view plain ]
| 000 -LEADER | |
|---|---|
| fixed length control field | 00433cam a2200145 a 4500 |
| 020 ## - ISBN | |
| International Standard Book Number | 9781604132274 |
| 020 ## - ISBN | |
| International Standard Book Number | 1604132272 |
| 050 00 - LIBRARY OF CONGRESS CALL NUMBER | |
| Classification Number | RC125 |
| Item Number | .G85 2010 |
| 100 1# - MAIN ENTRY--Author | |
| Personal name | Guilfoile, Patrick. |
| 245 10 - TITLE | |
| Title | Chicken pox / |
| Statement of responsibility, etc | Patrick Guilfoile ; consulting editor, Hilary Babcock ; foreword by David Heymann. |
| 260 ## - PUBLICATION, DISTRIBUTION, ETC.(IMPRINT) | |
| Place of publication, distribution, etc | New York : |
| Name of publisher, distributor, etc | Chelsea House, |
| Date of publication, distribution, etc | c2010. |
| 300 ## - PHYSICAL DESCRIPTION | |
| Extent | 111 p. : |
| 650 #0 - SUBJECT--TOPIC | |
| Form subdivision | Juvenile literature. |
| 942 ## - ADDED ENTRY ELEMENTS(KOHA) | |
| Source of classification or shelving scheme | Library of Congress Classification |
| Koha item type | General circulation |
| Source of classification or shelving scheme | Not for loan | Location (home branch) | Sublocation (holding branch) | Shelving location | Date accessioned | Full call number | Barcode | Nonpublic note | Koha item type |
|---|---|---|---|---|---|---|---|---|---|
| Library of Congress Classification | Main Campus Library | Main Campus Library | 18/05/2016 | RC125 .G85 2010 | 2016/018334 | amm | General circulation |